| 000 | 00852cab a2200265 4500 | ||
|---|---|---|---|
| 001 | WB3130-21 | ||
| 008 | 090401t1995 xxu||||| |||| 00| 0 eng d | ||
| 035 | _a(Sirsi) u45940 | ||
| 041 | _aeng | ||
| 245 | _aEuro hand-out for celtic links | ||
| 260 | _c1995 | ||
| 350 | _a0 | ||
| 490 |
_aWestern Mail _v29 July 1995, 3(1) |
||
| 520 | _aThe European Commission has approved a £10m cash injection to boost the economies of Dyfed and Gwynedd, as part of the Wales/Ireland Interreg programme. | ||
| 650 | _aECONOMIC DEVELOPMENT | ||
| 650 | _aEUROPEAN COMMISSION | ||
| 650 | _aMARITIME BORDERS | ||
| 650 | _aMARITIME INTERREG PROGRAMME | ||
| 650 | _aREGIONAL POLICY | ||
| 650 | _aSTRUCTURAL FUNDS | ||
| 650 | _aWALES/IRELAND INTERREG PROGRAMME | ||
| 690 | _aPROPERTY-PROPERTY FINANCE AND INVESTMENT | ||
| 942 | _n0 | ||
| 948 | _c04/03/1997 | ||
| 999 |
_c29065 _d29065 |
||